=LDR 00000nam 2200000 4500 =001 INLIS000000000057506 =005 20210202084533 =035 ##$$a 0010-0221000009 =007 ta =008 210202###########################0###### =082 ##$$a 392.595 985 6 =084 ##$$a 392.595 985 6 Nik n =245 ##$$a Nika Ranako Dou Dompu : $b Mengenal Upacara Pernikahan Dompu /$c Kantor Informasi dan Komunikasi Kabupaten Dompu =300 ##$$a 58 halaman ; $c 21 cm =600 #4$$a Adat dan Upacara Perkawinan - Dompu ( NTB ) =740 ##$$a Nika Ranako Dou Dompu =264 ##$$a Dompu :$b Kantor Informasi dan Komunikasi Kabupaten Dompu =336 ##$$a Teks$2 rdacontent =337 ##$$a Buku$2 rdamedia =338 ##$$a lain-lain$2 rdacarrier =990 ##$$a 26202620 =990 ##$$a 083/39/2010 =990 ##$$a 00860086 =990 ##$$a 083/39/2010 =990 ##$$a 083/39/2010